000 00495nam a2200157 i 4500
001 40085
003 ES-MaACL
005 20230906160136.0
007 t|
008 030305s1981 sp ||||1| spa d
100 1 _aCaparrós Sánchez, Marianela.
_934781
245 1 0 _aLibros incunables de la ciudad de Orihuela /
_cMarianela Caparrós Sánchez.
260 _a[Orihuela] :
_bPatronato Angel García Rogel,
_c[1981]
300 _a64 p., 8 lám. ;
_c22 cm.
852 _aES-MaACL
_jL-1482
_bR.102127
999 _c40085
_d40085